[Event "SWE AM2001"]
[Site "Sweden"]
[Date "2001.??.??"]
[Round "9"]
[White "Friborg, Johan"]
[Black "Ostberg, Peter"]
[Result "0-1"]
[WhiteElo "1406"]
[BlackElo "2250"]
[PlyCount "90"]
[EventDate "2001.??.??"]
[EventType "tourn"]
[EventRounds "15"]
[EventCountry "SWE"]
[SourceTitle "EXT 2003"]
[Source "ChessBase"]
[SourceDate "2002.11.25"]
[SourceVersion "1"]
[SourceVersionDate "2002.11.25"]
[SourceQuality "1"]

1. d4 Nf6 2. c4 e6 3. Nc3 Bb4 4. e3 b6 5. Qc2 Bb7 6. Bd2 0-0 7. Nf3 d5 8. cxd5 exd5 9. Bd3 c5 10. a3 Bxc3 11. Bxc3 c4 12. Bf5 g6 13. Bh3 Nc6 14. g3 Re8 15. 0-0 Bc8 16. Bg2 Bf5 17. Qd1 Ne4 18. Nd2 b5 19. Nxe4 Bxe4 20. Bxe4 Rxe4 21. Qd2 a5 22. Ra2 Rb8 23. Qc1 Qd7 24. Qd1 h5 25. Qf3 Rbe8 26. Rb1 Qh3 27. b3 b4 28. axb4 axb4 29. Be1 cxb3 30. Rd2 Qe6 31. Rd3 h4 32. Bd2 h3 33. Qd1 Qf5 34. Rdxb3 Nxd4 35. exd4 Re2 36. Bf4 g5 37. Re3 gxf4 38. Rxe8+ Rxe8 39. g4 Qe4 40. f3 Qe3+ 41. Kf1 Rc8 42. Rb3 Rc1 43. Rxe3 Rxd1+ 44. Ke2 fxe3 45. Kxd1 b3 0-1